| 000 | 00684nam a2200193Ia 4500 | ||
|---|---|---|---|
| 008 | 151121s9999||||xx |||||||||||||| ||und|| | ||
| 082 | _a833/मित्तल | ||
| 082 | _bHNW-65934 | ||
| 100 | _aमित्तल श्रीकान्त | ||
| 245 | _aकैक्टस के वन में | ||
| 260 | _b"विकास प्रकाशन, कानपूर।" | ||
| 260 | _c-- | ||
| 300 | _a159 | ||
| 600 | _aमित्तल श्रीकान्त | ||
| 630 | _aकैक्टस के वन में | ||
| 700 | _aमित्तल श्रीकान्त | ||
| 730 | _aकैक्टस के वन में | ||
| 942 | _cBOOK | ||
| 999 |
_c1247431 _d1247428 |
||